Caricamento...

(Mal) Veyilum thanalum/

Dettagli Bibliografici
Autore principale: Chunilal Madia
Natura: Printed Book
Pubblicazione: New Delhi: National Book Trust, 1993.
LEADER 00356 a2200109 4500
100 |a Chunilal Madia 
245 |a (Mal) Veyilum thanalum/  |c Chunilal Madia 
260 |a New Delhi:  |b National Book Trust,  |c 1993. 
300 |a 412p. 
942 |2 ddc  |c BK 
999 |c 241397  |d 241397 
952 |0 0  |1 0  |4 0  |7 0  |9 267894  |a HIN  |b HIN  |c ST1  |d 2011-11-16  |i 14673  |l 0  |p HIN14673  |r 2014-02-07  |w 2014-02-07  |y BK